[Event "EU-ch Online U2300 Final"]
[Site "Chess.com INT"]
[Date "2020.05.26"]
[Round "5"]
[White "Bayramov, Zaur"]
[Black "Jaroch, Pawel"]
[Result "0-1"]
[WhiteElo "2357"]
[BlackElo "2199"]
[PlyCount "88"]
[EventDate "2020.05.26"]
[EventType "swiss"]
[EventRounds "8"]
[EventCountry "NET"]
[SourceTitle "CBM 196 Extra"]
[Source "ChessBase"]
[SourceDate "2020.07.31"]
[SourceVersion "1"]
[SourceVersionDate "2020.07.31"]
[SourceQuality "1"]

1. c4 Nf6 2. Nc3 g6 3. g3 Bg7 4. Bg2 0-0 5. d3 c5 6. Nf3 Nc6 7. 0-0 d6 8. a3 Bd7 9. Rb1 a5 10. Ne1 Rb8 11. Nc2 Qc8 12. Re1 Bh3 13. Bh1 Qd7 14. b4 b6 15. Bd2 Rfc8 16. bxc5 bxc5 17. Nb5 d5 18. cxd5 Nxd5 19. Ne3 Nxe3 20. Bxe3 Nd4 21. Bxd4 cxd4 22. a4 Bh6 23. Qb3 Rc5 24. Qb2 e5 25. Bf3 Rbc8 26. Qa3 Be6 27. h4 Kg7 28. Kg2 Bd2 29. Red1 Bc3 30. Rbc1 Bb4 31. Qb2 Rxc1 32. Rxc1 Rxc1 33. Qxc1 Bb3 34. h5 Bxa4 35. h6+ Kg8 36. Nc7 Bf8 37. Nd5 Qd6 38. Qa1 Qa3 39. Qb1 Bb3 40. Nf6+ Kh8 41. Nd7 Bxh6 42. Nxe5 a4 43. Nxf7+ Bxf7 44. Qb8+ Qf8 0-1

[Event "EU-ch Online U2300 Final"]
[Site "Chess.com INT"]
[Date "2020.05.26"]
[Round "2"]
[White "Olsen, Filip Boe"]
[Black "Jaroch, Pawel"]
[Result "0-1"]
[WhiteElo "2353"]
[BlackElo "2199"]
[PlyCount "124"]
[EventDate "2020.05.26"]
[EventType "swiss"]
[EventRounds "8"]
[EventCountry "NET"]
[SourceTitle "CBM 196 Extra"]
[Source "ChessBase"]
[SourceDate "2020.07.31"]
[SourceVersion "1"]
[SourceVersionDate "2020.07.31"]
[SourceQuality "1"]

1. d4 Nf6 2. c4 c5 3. d5 b5 4. cxb5 a6 5. e3 d6 6. Nc3 g6 7. Nf3 Bg7 8. a4 0-0 9. Ra3 axb5 10. Bxb5 Na6 11. 0-0 Nb4 12. e4 Ba6 13. Qe2 Nd7 14. Bf4 Nb6 15. Rfa1 Nd7 16. Rc1 Qb8 17. Bg5 Re8 18. Qd2 Bxb5 19. axb5 Bxc3 20. Rcxc3 f6 21. Rxa8 Qxa8 22. Ra3 Qb7 23. Be3 Qxb5 24. h4 Nb6 25. b3 Ra8 26. Rxa8+ Nxa8 27. Ne1 Nb6 28. h5 Nd7 29. hxg6 hxg6 30. Qd1 Ne5 31. Bf4 Nbd3 32. Bxe5 Nxe5 33. f4 Nf7 34. Qg4 Qxb3 35. Qxg6+ Kf8 36. Nf3 Qe3+ 37. Kh1 Qc1+ 38. Ng1 Qxf4 39. Nh3 Qh6 40. Qf5 Qc1+ 41. Kh2 Qh6 42. Qc8+ Kg7 43. Qe6 Kf8 44. Qc8+ Kg7 45. Qe6 c4 46. Qc8 Ne5 47. Qc7 Kf7 48. Qc8 Qg6 49. Qe6+ Kf8 50. Qc8+ Kg7 51. Nf4 Qg4 52. Ne6+ Kh7 53. Qf8 Qh4+ 54. Kg1 Qe1+ 55. Kh2 Ng4+ 56. Kh3 Nf2+ 57. Kh2 Qh1+ 58. Kg3 Nxe4+ 59. Kf4 Qh4+ 60. g4 Qf2+ 61. Kxe4 Qe2+ 62. Kd4 Qd3# 0-1

[Event "EU-ch Online U2300 Qual"]
[Site "Chess.com INT"]
[Date "2020.05.25"]
[Round "2"]
[White "Jaroch, Pawel"]
[Black "Juknis, Paulius"]
[Result "1-0"]
[WhiteElo "2199"]
[BlackElo "2127"]
[PlyCount "69"]
[EventDate "2020.05.25"]
[EventType "swiss"]
[EventRounds "8"]
[EventCountry "NET"]
[SourceTitle "EXT 2021"]
[Source "ChessBase"]
[SourceDate "2020.10.23"]
[SourceVersion "1"]
[SourceVersionDate "2020.10.23"]
[SourceQuality "1"]

1. d4 f5 2. e4 fxe4 3. Nc3 Nf6 4. Bg5 g6 5. f3 d5 6. h4 Bg7 7. Qd2 Nc6 8. 0-0-0 0-0 9. Bh6 Nh5 10. Bxg7 Kxg7 11. Nge2 exf3 12. gxf3 Bf5 13. a3 b5 14. Nxb5 Rb8 15. Rg1 a6 16. Nbc3 Qd6 17. Na4 Kh8 18. Qc3 e6 19. Nc5 Rb6 20. b3 Rfb8 21. Kb2 a5 22. Ka2 Ra8 23. Re1 Nb4+ 24. Kb2 Nxc2 25. Rc1 a4 26. Rxc2 Bxc2 27. Qxc2 axb3 28. Qd2 Rb5 29. Nf4 Rxc5 30. Nxg6+ Kg7 31. Ne5+ Kf8 32. Qh6+ Ke7 33. Qxh7+ Kd8 34. Rg8+ Qf8 35. Rxf8# 1-0

[Event "EU-ch Online U2300 Qual"]
[Site "Chess.com INT"]
[Date "2020.05.25"]
[Round "1"]
[White "Sedykh, Mikhail"]
[Black "Jaroch, Pawel"]
[Result "0-1"]
[WhiteElo "2119"]
[BlackElo "2199"]
[PlyCount "120"]
[EventDate "2020.05.25"]
[EventType "swiss"]
[EventRounds "8"]
[EventCountry "NET"]
[SourceTitle "EXT 2021"]
[Source "ChessBase"]
[SourceDate "2020.10.23"]
[SourceVersion "1"]
[SourceVersionDate "2020.10.23"]
[SourceQuality "1"]

1. d4 Nf6 2. c4 c5 3. d5 b5 4. cxb5 a6 5. bxa6 Bxa6 6. Nc3 d6 7. e4 Bxf1 8. Kxf1 g6 9. Nf3 Bg7 10. g3 0-0 11. Kg2 Nbd7 12. a4 Ng4 13. Qe2 Qb6 14. Bg5 h6 15. Bd2 Qa6 16. Rhb1 Qxe2 17. Nxe2 Nge5 18. Bc3 Nd3 19. Bxg7 Kxg7 20. Nd2 f5 21. Nc3 fxe4 22. Ndxe4 Rab8 23. Nb5 Nf6 24. Nxf6 Rxf6 25. f4 Rf5 26. Nc3 Rxb2+ 27. Rxb2 Nxb2 28. Rb1 Nc4 29. Rb7 Rf7 30. Rb8 g5 31. fxg5 hxg5 32. g4 Rf4 33. h3 Rd4 34. Rb3 Rd2+ 35. Kg3 Rd3+ 36. Kg2 Ne3+ 37. Kf3 Nxd5+ 38. Ke4 Rxc3 39. Rb7 Nf6+ 40. Kf5 Kf7 41. Kxg5 Rxh3 42. a5 Rg3 43. Kf4 Rxg4+ 44. Kf3 Ra4 45. Ra7 Ke6 46. a6 d5 47. Ke3 Ra3+ 48. Kd2 Kd6 49. Kc2 Ne4 50. Ra8 Ke5 51. Kb2 Ra5 52. Kb3 Kd4 53. a7 e5 54. Kb2 c4 55. Kc2 Nc5 56. Kb2 e4 57. Kc2 e3 58. Kb2 e2 59. Re8 e1Q 60. Rxe1 Nd3+ 0-1

[Event "POL-chT 2nd League"]
[Site "Szczyrk"]
[Date "2014.09.11"]
[Round "6.32"]
[White "Jaroch, Pawel"]
[Black "Pinkas, Karol"]
[Result "0-1"]
[WhiteElo "2206"]
[BlackElo "2268"]
[PlyCount "120"]
[EventDate "2014.09.06"]
[EventType "team-swiss"]
[EventRounds "9"]
[EventCountry "POL"]
[SourceTitle "EXT 2015"]
[Source "ChessBase"]
[SourceDate "2014.11.20"]
[SourceVersion "1"]
[SourceVersionDate "2014.11.20"]
[SourceQuality "1"]
[WhiteTeam "Bydgoszcz Chemik"]
[BlackTeam "Jaworzno JKSz MCKiS"]
[WhiteTeamCountry "POL"]
[BlackTeamCountry "POL"]

1. d4 Nf6 2. c4 e6 3. g3 c5 4. d5 exd5 5. cxd5 d6 6. Bg2 g6 7. Nc3 Bg7 8. Nf3 0-0 9. 0-0 a6 10. a4 Nbd7 11. h3 Rb8 12. a5 b5 13. axb6 Nxb6 14. e4 Re8 15. Re1 Nfd7 16. Bf1 Ne5 17. Nh2 Nbc4 18. Ra2 Rb4 19. Qc2 h5 20. Ra4 Nb6 21. Rxb4 cxb4 22. Na4 f5 23. Nxb6 Qxb6 24. Be3 Qb7 25. f4 b3 26. Qd2 Nf7 27. exf5 Bxf5 28. g4 hxg4 29. hxg4 Bc2 30. f5 gxf5 31. gxf5 Re5 32. Ng4 Rxf5 33. Qg2 Kf8 34. Bc1 Bd4+ 35. Kh2 Qxd5 36. Qxd5 Rxd5 37. Bxa6 Ra5 38. Bb7 Ne5 39. Nxe5 Bxe5+ 40. Kg2 Ra2 41. Bd5 Ra5 42. Bf3 Kg7 43. Bd1 Bxd1 44. Rxd1 Rc5 45. Kf3 Kf6 46. Ke4 Ke6 47. Rh1 Rc4+ 48. Kd3 Kd5 49. Rg1 Rc2 50. Rh1 Rg2 51. Rh5 Rg3+ 52. Be3 Rg2 53. Bc1 Rf2 54. Rh4 Rf1 55. Bd2 Bxb2 56. Rb4 Rf3+ 57. Ke2 Rh3 58. Be3 Ba3 59. Rxb3 Bc5 60. Rd3+ Kc4 0-1

[Event "POL-chT 2nd League"]
[Site "Szczyrk"]
[Date "2014.09.07"]
[Round "2.14"]
[White "Butkiewicz, Lukasz"]
[Black "Jaroch, Pawel"]
[Result "1-0"]
[WhiteElo "2429"]
[BlackElo "2206"]
[PlyCount "81"]
[EventDate "2014.09.06"]
[EventType "team-swiss"]
[EventRounds "9"]
[EventCountry "POL"]
[SourceTitle "EXT 2015"]
[Source "ChessBase"]
[SourceDate "2014.11.20"]
[SourceVersion "1"]
[SourceVersionDate "2014.11.20"]
[SourceQuality "1"]
[WhiteTeam "Wisznia Mala OKSiR"]
[BlackTeam "Bydgoszcz Chemik"]
[WhiteTeamCountry "POL"]
[BlackTeamCountry "POL"]

1. f4 Nf6 2. Nf3 d5 3. g3 g6 4. Bg2 Bg7 5. 0-0 0-0 6. d3 c5 7. Na3 Nc6 8. c3 d4 9. c4 Rb8 10. Bd2 b6 11. Nc2 Bb7 12. a3 e6 13. b4 Nd7 14. Qe1 Qc7 15. Rd1 Rbe8 16. e4 dxe3 17. Bxe3 e5 18. f5 gxf5 19. Nh4 f4 20. gxf4 Nd4 21. Bxd4 exd4 22. Qg3 Kh8 23. Bxb7 Qxb7 24. Nf5 Be5 25. Qg2 Rg8 26. Ng3 Qxg2+ 27. Kxg2 Bd6 28. Kf3 Nf6 29. Ne4 Nxe4 30. dxe4 f5 31. e5 Be7 32. Rg1 Rxg1 33. Rxg1 d3 34. Ne3 cxb4 35. axb4 Bxb4 36. Nxf5 Rf8 37. Ne3 d2 38. Nd5 Ba5 39. e6 Re8 40. f5 a6 41. Nf6 1-0

[Event "Lazy op 10th"]
[Site "Lazy"]
[Date "2014.07.08"]
[Round "9"]
[White "Antonov, Alexandr1111"]
[Black "Jaroch, Pawel"]
[Result "1-0"]
[WhiteElo "2077"]
[BlackElo "2228"]
[PlyCount "119"]
[EventDate "2014.06.29"]
[EventType "swiss"]
[EventRounds "9"]
[EventCountry "POL"]
[SourceTitle "CBM 161 Extra"]
[Source "ChessBase"]
[SourceDate "2014.08.29"]
[SourceVersion "1"]
[SourceVersionDate "2014.08.29"]
[SourceQuality "1"]

1. e4 e6 2. d4 d5 3. Nd2 c5 4. exd5 Qxd5 5. Ngf3 cxd4 6. Bc4 Qd6 7. 0-0 Nf6 8. Nb3 Nc6 9. Nbxd4 Nxd4 10. Nxd4 a6 11. Bb3 Be7 12. c3 e5 13. Nf3 0-0 14. Qxd6 Bxd6 15. Bg5 Ne4 16. Be3 h6 17. Rad1 Bc7 18. Nd2 Nf6 19. Nc4 Be6 20. Bc5 Rfd8 21. Be7 Rxd1 22. Rxd1 Re8 23. Bxf6 gxf6 24. Ne3 Rd8 25. Rxd8+ Bxd8 26. Kf1 f5 27. Bxe6 fxe6 28. g4 fxg4 29. Nxg4 Kg7 30. Nxe5 Bc7 31. Nf3 Kf6 32. Kg2 e5 33. Nd2 Kf5 34. Kf3 h5 35. Ne4 b6 36. c4 a5 37. a3 h4 38. h3 Bb8 39. Nc3 Bd6 40. Nd5 e4+ 41. Ke2 Bc5 42. b4 axb4 43. axb4 Bd4 44. Ne7+ Kf4 45. Nc6 Bc3 46. b5 Bg7 47. c5 bxc5 48. b6 Bf8 49. b7 Bd6 50. b8Q Bxb8 51. Nxb8 c4 52. Nc6 e3 53. f3 c3 54. Nd4 Kg3 55. Kxe3 Kxh3 56. Nf5 c2 57. Kd2 Kg2 58. Nxh4+ Kg3 59. Kxc2 Kxh4 60. Kd3 1-0

[Event "Lazy op 10th"]
[Site "Lazy"]
[Date "2014.07.03"]
[Round "5"]
[White "Nurkiewicz, Maciej"]
[Black "Jaroch, Pawel"]
[Result "1-0"]
[WhiteElo "2392"]
[BlackElo "2228"]
[PlyCount "75"]
[EventDate "2014.06.29"]
[EventType "swiss"]
[EventRounds "9"]
[EventCountry "POL"]
[SourceTitle "CBM 161 Extra"]
[Source "ChessBase"]
[SourceDate "2014.08.29"]
[SourceVersion "1"]
[SourceVersionDate "2014.08.29"]
[SourceQuality "1"]

1. e4 e6 2. d4 d5 3. Nd2 c5 4. exd5 Qxd5 5. Ngf3 cxd4 6. Bc4 Qd6 7. 0-0 Nf6 8. Nb3 Nc6 9. Nbxd4 Nxd4 10. Nxd4 a6 11. Re1 Qc7 12. Bb3 Bd6 13. Nf5 Bxh2+ 14. Kh1 0-0 15. Nxg7 Kxg7 16. Qd4 e5 17. Qh4 Ng4 18. f3 Qd8 19. Bg5 f6 20. fxg4 fxg5 21. Qxh2 Rf4 22. Rxe5 Rxg4 23. Rd5 Qe7 24. Qe5+ Qxe5 25. Rxe5 b5 26. Re8 Kg6 27. Bd5 Rb8 28. Rf1 Bb7 29. Rxb8 Bxd5 30. Rb6+ Kh5 31. Rf2 Rd4 32. Rxa6 Kg4 33. Kh2 Be4 34. c3 Rd5 35. a4 h5 36. axb5 Rxb5 37. Ra4 Re5 38. Re2 1-0

[Event "POL-chT2"]
[Site "Poronin"]
[Date "2013.09.11"]
[Round "5.73"]
[White "Dors, Ryszard"]
[Black "Jaroch, Pawel"]
[Result "1/2-1/2"]
[WhiteElo "2228"]
[BlackElo "2214"]
[PlyCount "126"]
[EventDate "2013.09.06"]
[EventType "team-swiss"]
[EventRounds "9"]
[EventCountry "POL"]
[SourceTitle "EXT 2015"]
[Source "ChessBase"]
[SourceDate "2014.11.20"]
[SourceVersion "1"]
[SourceVersionDate "2014.11.20"]
[SourceQuality "1"]
[WhiteTeam "Ruda Slaska KS DORS"]
[BlackTeam "Bydgoszcz SSz Pocztowiec"]
[WhiteTeamCountry "POL"]
[BlackTeamCountry "POL"]

1. Nf3 Nf6 2. g3 d6 3. Bg2 g6 4. c4 Bg7 5. Nc3 0-0 6. 0-0 c6 7. Rb1 a6 8. b4 b5 9. cxb5 axb5 10. Nd4 Ra6 11. Nb3 Bf5 12. e4 Bg4 13. Qc2 Nfd7 14. d4 Nb6 15. d5 Nc4 16. a4 bxa4 17. Nxa4 Rxa4 18. Qxc4 c5 19. Bd2 Na6 20. Nc1 cxb4 21. Na2 Be2 22. Qxe2 Rxa2 23. Qe3 Qa5 24. Rfc1 Rb8 25. Bf1 Nc5 26. Rc4 Rb2 27. Qe1 Rxb1 28. Qxb1 Na6 29. Rc2 Nc5 30. Rc4 Qa3 31. Rxb4 Rf8 32. Bg5 Qa7 33. Bh3 Bc3 34. Rc4 Rb8 35. Qd1 Bg7 36. Be3 Qa2 37. Rc2 Qa4 38. Bxc5 dxc5 39. Qe2 Bd4 40. Bf1 Qa1 41. Kg2 Kg7 42. Ra2 Qb1 43. Qc2 Qb4 44. Bd3 h5 45. h4 Rb6 46. Qe2 Rf6 47. f4 Rb6 48. e5 Qc3 49. Qd2 Qb3 50. Be4 Qc4 51. Qc2 Qb4 52. Qe2 c4 53. Rc2 c3 54. Bd3 Qc5 55. Qe4 Rb4 56. Re2 Bg1 57. Qf3 Rb2 58. Rxb2 cxb2 59. f5 Qe3 60. f6+ exf6 61. Qxf6+ Kg8 62. e6 Qxd3 63. Qxf7+ Kh8 1/2-1/2

[Event "POL-chT3 Kujawsko Pomorskie 1213"]
[Site "Poland"]
[Date "2012.11.18"]
[Round "2.16"]
[White "Gawronski, Miroslaw"]
[Black "Jaroch, Pawel"]
[Result "1-0"]
[WhiteElo "2128"]
[BlackElo "2243"]
[PlyCount "66"]
[EventDate "2012.11.04"]
[EventType "team-tourn"]
[EventRounds "11"]
[EventCountry "POL"]
[SourceTitle "EXT 2015"]
[Source "ChessBase"]
[SourceDate "2014.11.20"]
[SourceVersion "1"]
[SourceVersionDate "2014.11.20"]
[SourceQuality "1"]
[WhiteTeam "Inowroclaw OSiR Pozkal"]
[BlackTeam "Bydgoszcz SSz Pocztowiec"]
[WhiteTeamCountry "POL"]
[BlackTeamCountry "POL"]

1. c4 Nf6 2. Nc3 c5 3. g3 g6 4. Bg2 Bg7 5. e3 0-0 6. Nge2 d6 7. d4 a6 8. 0-0 Qc7 9. b3 Nc6 10. Bb2 Rb8 11. Qd2 Bf5 12. dxc5 dxc5 13. Nd5 Nxd5 14. Bxg7 Kxg7 15. cxd5 Ne5 16. e4 Bh3 17. Qc3 Bxg2 18. Kxg2 Kg8 19. Rac1 Nd7 20. f4 Nf6 21. Qf3 Rbd8 22. Rfd1 Qa5 23. e5 Nd7 24. Rc2 b5 25. d6 exd6 26. Rxd6 Nb6 27. Qc6 Rxd6 28. exd6 Rc8 29. Qe4 c4 30. Nd4 Qa3 31. Nc6 Kg7 32. Qd4+ Kh6 33. Ne5 Qc5 1-0

[Event "POL-chT3 Kujawsko Pomorskie 1213"]
[Site "Poland"]
[Date "2012.11.04"]
[Round "1.16"]
[White "Jaroch, Pawel"]
[Black "Sliwicki, Damian"]
[Result "1-0"]
[WhiteElo "2243"]
[BlackElo "2015"]
[PlyCount "61"]
[EventDate "2012.11.04"]
[EventType "team-tourn"]
[EventRounds "11"]
[EventCountry "POL"]
[SourceTitle "EXT 2015"]
[Source "ChessBase"]
[SourceDate "2014.11.20"]
[SourceVersion "1"]
[SourceVersionDate "2014.11.20"]
[SourceQuality "1"]
[WhiteTeam "Bydgoszcz SSz Pocztowiec"]
[BlackTeam "Torun UKS OPP"]
[WhiteTeamCountry "POL"]
[BlackTeamCountry "POL"]

1. d4 d5 2. c4 c6 3. Nc3 e6 4. e3 Nf6 5. Nf3 Nbd7 6. Bd3 dxc4 7. Bxc4 Be7 8. 0-0 0-0 9. Qe2 Qc7 10. e4 e5 11. dxe5 Nxe5 12. Nxe5 Qxe5 13. f4 Qa5 14. e5 Bg4 15. Qf2 Be6 16. Bxe6 Ne8 17. Bb3 g6 18. Be3 Ng7 19. g4 h5 20. h3 Kh8 21. Kg2 f5 22. g5 Qb4 23. Rad1 a5 24. Rd4 Qb6 25. Rd6 Qb4 26. Rxg6 Ne6 27. Bxe6 Kh7 28. Rh6+ Kg7 29. a3 Bxg5 30. axb4 Bh4 31. Qxh4 1-0

[Event "POL-chT 1st League"]
[Site "Poronin"]
[Date "2012.09.??"]
[Round "2"]
[White "Swicarz, Maciej"]
[Black "Jaroch, Pawel"]
[Result "1/2-1/2"]
[WhiteElo "2259"]
[BlackElo "2239"]
[PlyCount "80"]
[EventDate "2012.09.01"]
[EventType "team-tourn"]
[EventRounds "9"]
[EventCountry "POL"]
[SourceTitle "EXT 2013"]
[Source "ChessBase"]
[SourceDate "2012.11.22"]
[SourceVersion "1"]
[SourceVersionDate "2012.11.22"]
[SourceQuality "1"]
[WhiteTeam "Wroclaw Polonia"]
[BlackTeam "Pawlowice GKS Pniowek 74"]
[WhiteTeamCountry "POL"]
[BlackTeamCountry "POL"]

1. Nf3 Nf6 2. d4 c5 3. d5 b5 4. Bg5 d6 5. Bxf6 exf6 6. e3 a6 7. a4 b4 8. a5 f5 9. Nbd2 Be7 10. Nc4 0-0 11. g3 Bf6 12. Ra2 Qe7 13. Qd3 Ra7 14. h4 h5 15. Nb6 g6 16. Bg2 Bd7 17. c3 Bb5 18. Qc2 bxc3 19. bxc3 Qe4 20. Kd2 Qxc2+ 21. Kxc2 Rd8 22. Nd2 Be8 23. Ndc4 Be7 24. Rb1 Nd7 25. Rab2 Nf6 26. Bf3 Rb7 27. Na3 Rdb8 28. Be2 Ra7 29. f3 Bd8 30. Kd2 Kg7 31. Bd3 Bc7 32. Be2 Bd8 33. Bd3 Bc7 34. Bf1 Bd8 35. Be2 Bc7 36. Kc1 Bd8 37. Bd3 Bc7 38. Kc2 Bd8 39. Bc4 Bc7 40. Bf1 Bd8 1/2-1/2

[Event "Kujawsko Pomorskie-ch op-A 65th"]
[Site "Szubin"]
[Date "2012.08.15"]
[Round "1.2"]
[White "Jaroch, Pawel"]
[Black "Konieczynski, Piotr"]
[Result "1-0"]
[WhiteElo "2233"]
[BlackElo "1925"]
[PlyCount "99"]
[EventDate "2012.08.09"]
[EventType "swiss"]
[EventRounds "9"]
[EventCountry "POL"]
[SourceTitle "EXT 2023"]
[Source "ChessBase"]
[SourceDate "2022.10.05"]
[SourceVersion "1"]
[SourceVersionDate "2022.10.05"]
[SourceQuality "1"]

1. d4 d5 2. c4 dxc4 3. Nf3 Nf6 4. e3 e6 5. Bxc4 c5 6. 0-0 a6 7. Qe2 b5 8. Bb3 Bb7 9. Rd1 Qb6 10. a4 Nbd7 11. Nc3 b4 12. a5 Qc7 13. Nb1 Ne4 14. Nbd2 Be7 15. Nc4 0-0 16. Nfe5 Nef6 17. Bd2 cxd4 18. exd4 Nxe5 19. Nxe5 Bd5 20. Ba4 Qb7 21. Bg5 Rfd8 22. Bc2 Re8 23. Re1 b3 24. Bd3 g6 25. f3 Nh5 26. Be3 Bb4 27. Rec1 Rec8 28. Rxc8+ Qxc8 29. Nc4 Ra7 30. Nb6 Qd8 31. Nxd5 exd5 32. g4 Ng7 33. f4 Ne6 34. f5 Ng5 35. fxg6 fxg6 36. Rf1 Rf7 37. Rxf7 Nxf7 38. Bxa6 Bxa5 39. Bb7 Qd7 40. Ba8 Qe6 41. Qf3 Bc3 42. Bxd5 Qe7 43. bxc3 b2 44. Ba2 Kg7 45. h4 Nd6 46. h5 g5 47. Bb1 Nc4 48. h6+ Kh8 49. Bxg5 Qe1+ 50. Kg2 1-0

[Event "Kujawsko Pomorskie-ch op-A 65th"]
[Site "Szubin"]
[Date "2012.08.15"]
[Round "9.2"]
[White "Jaroch, Pawel"]
[Black "Szczepaniec, Stanislaw"]
[Result "1-0"]
[WhiteElo "2233"]
[BlackElo "2052"]
[PlyCount "83"]
[EventDate "2012.08.09"]
[EventType "swiss"]
[EventRounds "9"]
[EventCountry "POL"]
[SourceTitle "EXT 2023"]
[Source "ChessBase"]
[SourceDate "2022.10.05"]
[SourceVersion "1"]
[SourceVersionDate "2022.10.05"]
[SourceQuality "1"]

1. d4 f5 2. e4 fxe4 3. Nc3 Nf6 4. Bg5 c6 5. Bxf6 exf6 6. Nxe4 d5 7. Ng3 f5 8. Bd3 g6 9. Nf3 Bd6 10. Qe2+ Qe7 11. Qxe7+ Kxe7 12. 0-0-0 Na6 13. Rde1+ Kf6 14. c3 c5 15. Bc2 f4 16. Ne2 Bf5 17. Bxf5 Kxf5 18. dxc5 Nxc5 19. Rd1 Ne4 20. Rxd5+ Ke6 21. Rd4 Nxf2 22. Re1 Rad8 23. Nxf4+ Kf6 24. Re6+ Kf5 25. Rexd6 Rxd6 26. Rxd6 Kxf4 27. Rf6+ Ke3 28. Re6+ Kf4 29. Re7 h5 30. Rxb7 Ke3 31. Re7+ Kf4 32. Rxa7 g5 33. Rf7+ Ke3 34. Nxg5 h4 35. Re7+ Kd3 36. Nf3 Ne4 37. Ne1+ Ke3 38. Nc2+ Kf4 39. Rf7+ Ke5 40. Ne3 Rg8 41. Rf5+ Ke6 42. Rf4 1-0

[Event "Kujawsko Pomorskie-ch op-A 65th"]
[Site "Szubin"]
[Date "2012.08.15"]
[Round "6.1"]
[White "Rak, Tomasz"]
[Black "Jaroch, Pawel"]
[Result "1/2-1/2"]
[WhiteElo "2066"]
[BlackElo "2233"]
[PlyCount "36"]
[EventDate "2012.08.09"]
[EventType "swiss"]
[EventRounds "9"]
[EventCountry "POL"]
[SourceTitle "EXT 2023"]
[Source "ChessBase"]
[SourceDate "2022.10.05"]
[SourceVersion "1"]
[SourceVersionDate "2022.10.05"]
[SourceQuality "1"]

1. d4 Nf6 2. Nf3 c5 3. c4 cxd4 4. Nxd4 e5 5. Nb5 d5 6. cxd5 Bc5 7. N1c3 a6 8. Na3 b5 9. Nc2 Bb7 10. e4 0-0 11. Bd3 Nbd7 12. Be3 Bxe3 13. Nxe3 Nc5 14. b4 Nxd3+ 15. Qxd3 Qb6 16. 0-0 Qd4 17. Rfd1 Qxb4 18. Rab1 Qc5 1/2-1/2

[Event "Kujawsko Pomorskie-ch op-A 65th"]
[Site "Szubin"]
[Date "2012.08.15"]
[Round "2.2"]
[White "Zebracki, Tomasz"]
[Black "Jaroch, Pawel"]
[Result "0-1"]
[WhiteElo "1942"]
[BlackElo "2233"]
[PlyCount "80"]
[EventDate "2012.08.09"]
[EventType "swiss"]
[EventRounds "9"]
[EventCountry "POL"]
[SourceTitle "EXT 2023"]
[Source "ChessBase"]
[SourceDate "2022.10.05"]
[SourceVersion "1"]
[SourceVersionDate "2022.10.05"]
[SourceQuality "1"]

1. d4 c5 2. e4 cxd4 3. Nf3 d6 4. Nxd4 Nf6 5. Nc3 Nc6 6. Bc4 e6 7. Be3 a6 8. f3 Qc7 9. Bb3 Na5 10. Ba4+ Nd7 11. Qe2 Be7 12. 0-0-0 0-0 13. h4 b5 14. Bb3 Nc5 15. Qf2 Bd7 16. e5 dxe5 17. Nf5 Naxb3+ 18. axb3 Nxb3+ 19. Kb1 Bd8 20. Nh6+ Kh8 21. cxb3 gxh6 22. Bc5 Rg8 23. Bd6 Qb7 24. Bxe5+ f6 25. Bf4 e5 26. Bxh6 Be6 27. Ne4 Be7 28. Rd3 a5 29. g4 Bxg4 30. Rg1 Bf5 31. Rxg8+ Rxg8 32. Ka2 a4 33. Nd6 axb3+ 34. Kxb3 Be6+ 35. Kb4 Qa6 36. Qc5 Rc8 37. Nf7+ Bxf7 38. Rd8+ Rxd8 39. Qxe7 Rd4+ 40. Kc5 Rc4# 0-1

[Event "Liberec Desko op"]
[Site "Liberec"]
[Date "2012.07.27"]
[Round "8"]
[White "Jaroch, Pawel"]
[Black "Bednar, Marcel"]
[Result "1/2-1/2"]
[WhiteElo "2252"]
[BlackElo "2250"]
[PlyCount "82"]
[EventDate "2012.07.21"]
[EventType "swiss"]
[EventRounds "9"]
[EventCountry "CZE"]
[SourceTitle "CBM 149 Extra"]
[Source "ChessBase"]
[SourceDate "2012.08.24"]
[SourceVersion "1"]
[SourceVersionDate "2012.08.24"]
[SourceQuality "1"]

1. d4 Nf6 2. c4 g6 3. g3 Bg7 4. Bg2 0-0 5. Nf3 c5 6. d5 d6 7. 0-0 b5 8. cxb5 a6 9. bxa6 Bxa6 10. Nc3 Nbd7 11. Qc2 Nb6 12. Rd1 Qb8 13. Rb1 Rc8 14. b3 Ne8 15. Bb2 Nc7 16. h4 Qa7 17. h5 Nb5 18. Nxb5 Bxb5 19. Bxg7 Kxg7 20. Qc3+ f6 21. Rd2 Bd7 22. hxg6 hxg6 23. Qe3 Kf7 24. Rc1 Qa3 25. Rc3 Qb4 26. Nh4 g5 27. Nf3 Rh8 28. Ne1 Qg4 29. Qf3 Qxf3 30. Nxf3 Ra3 31. e4 Rha8 32. Rcc2 Bb5 33. Bf1 Bxf1 34. Kxf1 Nd7 35. Ne1 Ne5 36. Kg2 g4 37. f4 gxf3+ 38. Nxf3 Ng4 39. Re2 Rh8 40. Kg1 Rha8 41. Kg2 Rh8 1/2-1/2

[Event "Frydek Mistek op"]
[Site "Frydek Mistek"]
[Date "2012.04.06"]
[Round "4"]
[White "Jaroch, Pawel"]
[Black "Miculka, Petr"]
[Result "1-0"]
[WhiteElo "2252"]
[BlackElo "2011"]
[PlyCount "69"]
[EventDate "2012.04.05"]
[EventType "swiss"]
[EventRounds "9"]
[EventCountry "CZE"]
[SourceTitle "CBM 147 Extra"]
[Source "ChessBase"]
[SourceDate "2012.04.24"]
[SourceVersion "1"]
[SourceVersionDate "2012.04.24"]
[SourceQuality "1"]

1. d4 Nf6 2. c4 g6 3. Nc3 Bg7 4. Nf3 0-0 5. g3 d6 6. Bg2 Nbd7 7. 0-0 e5 8. h3 c6 9. e4 Re8 10. Be3 exd4 11. Nxd4 Nc5 12. Qc2 a5 13. Rad1 Bd7 14. Nb3 Nxb3 15. Qxb3 Qc8 16. Kh2 Re5 17. Bf4 Rh5 18. h4 Ng4+ 19. Kg1 Be5 20. Bxe5 Nxe5 21. f4 Ng4 22. Na4 Qb8 23. Qd3 Qa7+ 24. c5 Be6 25. f5 Bxa2 26. Bf3 gxf5 27. Qxd6 Bb3 28. exf5 Rh6 29. Qf4 Qb8 30. Qxg4+ Kh8 31. Nb6 Ra6 32. Qg5 f6 33. Qxh6 Qxg3+ 34. Bg2 Bxd1 35. Rxd1 1-0